Autoevaluación, autorregulación y acreditación: retos de la educación superior /
Сохранить в:
| Главный автор: | |
|---|---|
| Формат: | |
| Язык: | Spanish |
| Метки: |
Добавить метку
Нет меток, Требуется 1-ая метка записи!
|
MARC
| LEADER | 00000nam a22000007a 4500 | ||
|---|---|---|---|
| 003 | cru CIDCACS/IIS | ||
| 005 | 20170728062528.0 | ||
| 007 | ta | ||
| 008 | 170726t1998 cr ||||| |||| 00| 0 spa d | ||
| 999 | |c 19494 |d 19494 | ||
| 040 | |c cru CIDCACS/IIS | ||
| 100 | 1 | |9 5042 |a Villalta, Olga María | |
| 245 | 1 | |a Autoevaluación, autorregulación y acreditación: |b retos de la educación superior / |c Olga María Villalta | |
| 300 | |a páginas 101-113 | ||
| 773 | 0 | |0 19488 |9 1057 |a Universidad de Costa Rica |d San José, Costa Rica: Editorial Universidad de Costa Rica, 1977- |o 18169 |t Educación: |x 03797082 | |
| 942 | |2 ddc |c PP | ||
